000
00267nam a2200109Ia 4500
008
201231s9999 xx 000 0 und d
100
_a
Basu, Durga Das
245
0
_a
Shorter Constitution of India
260
_a
New Delhi
_b
Prentuice Hall
300
_a
1449
942
_c
BK
999
_c
9930
_d
9930